Measurement problems in criminal justice research (Record no. 164560)
[ view plain ]
| 000 -LEADER | |
|---|---|
| fixed length control field | 01707nam a2200325Ia 4500 |
| 245 00 - TITLE STATEMENT | |
| Title | Measurement problems in criminal justice research |
| 260 ## - PUBLICATION, DISTRIBUTION, ETC. (IMPRINT) | |
| Place of publication | Washington, D.C. : |
| Name of publisher | National Academies Press, |
| Year of publication | c2003. |
| 300 ## - PHYSICAL DESCRIPTION | |
| Number of Pages | ix, 100 p. : |
| Other physical details | ill. |
| 500 ## - GENERAL NOTE | |
| General note | Workshop convened on July 24, 2000 "to examine an array of measurement issues in the area of crime victimization and offending and to explore possible areas for future research to improve measurement methods"--p. 1. |
| 650 #0 - SUBJECT ADDED ENTRY--TOPICAL TERM | |
| Topical Term | Criminal justice, Administration of |
| Topical Term | Criminal statistics |
| Topical Term | Criminology |
| Topical Term | Victims of crimes surveys |
| 700 1# - ADDED ENTRY--PERSONAL NAME | |
| Personal name | Pepper, John, |
| Personal name | Petrie, Carol. |
| 856 40 - ELECTRONIC LOCATION AND ACCESS | |
| Uniform Resource Identifier | http://site.ebrary.com/lib/rucke/Doc?id=10038651 |
No items available.
